A népballadák és Sinka István balladái
Elmentve itt :
| Szerző: | |
|---|---|
| Adatforrás: | Meister |
| Forrásdokumentuma: | Helikon. - 1 sz., 1995, 21-22 p. |
| Nyelv: | magyar |
| Kulcsszavak: | etnográfia irodalomtörténet népballadák SINKA István BARTÓK Béla BAJOR Andor KODÁLY Zoltán ARANY János GÖRÖMBEI András |
| LEADER | 00582nab a2200217 i 4500 | ||
|---|---|---|---|
| 001 | bibPRO00009537 | ||
| 008 | 060524s1995 xx hun | ||
| 040 | |a Sz1 | ||
| 041 | |a hun | ||
| 100 | 1 | |a FARAGÓ József | |
| 245 | 1 | 2 | |a A népballadák és Sinka István balladái |c FARAGÓ József |
| 695 | |a etnográfia | ||
| 695 | |a irodalomtörténet | ||
| 695 | |a népballadák | ||
| 695 | |a SINKA István | ||
| 695 | |a BARTÓK Béla | ||
| 695 | |a BAJOR Andor | ||
| 695 | |a KODÁLY Zoltán | ||
| 695 | |a ARANY János | ||
| 695 | |a GÖRÖMBEI András | ||
| 773 | 0 | |t Helikon. - |g 1 sz., 1995, 21-22 p. | |